| 000 | 00693cam a2200205 a 4500 | ||
|---|---|---|---|
| 020 | _a1559635711 (alk. paper) | ||
| 020 | _a155963572X (pbk. : alk. paper) | ||
| 040 | _cDLC | ||
| 082 | 0 | 0 | _a333 ISL 1988 A079 Or. |
| 100 | 1 | _aFreese, Curtis H. | |
| 245 | 1 | 0 |
_aWild species as commodities : _bmanaging markets and ecosystems for sustainability / |
| 260 |
_aWashington, DC : _bIsland Press, _cc1988. |
||
| 300 |
_axv, 319 p. : _bill. ; _c23 cm. |
||
| 650 | 0 | _aWildlife utilization. | |
| 650 | 0 | _aNon-timber forest resources. | |
| 650 | 0 | _aBiology, Economic. | |
| 650 | 0 | _aBiodiversity conservation. | |
| 856 | 4 | 2 | _uhttp://www.loc.gov/catdir/enhancements/fy0666/98012256-d.html |
| 942 | _cEK | ||
| 999 |
_c16065 _d16065 |
||